American nursing review for medical-surgical nursing certification / (Record no. 6806)

MARC details
000 -LEADER
fixed length control field 01282cam a2200373 a 4500
001 - CONTROL NUMBER
control field 837973
003 - CONTROL NUMBER IDENTIFIER
control field OSt
005 - DATE AND TIME OF LATEST TRANSACTION
control field 20210310090736.0
008 - FIXED-LENGTH DATA ELEMENTS--GENERAL INFORMATION
fixed length control field 971211s1998 xxu|||| |||| 00||0|eng
010 ## - LIBRARY OF CONGRESS CONTROL NUMBER
LC control number 97-46904
020 ## - INTERNATIONAL STANDARD BOOK NUMBER
International Standard Book Number 9780874349191
020 ## - INTERNATIONAL STANDARD BOOK NUMBER
International Standard Book Number 0874349192
035 ## - SYSTEM CONTROL NUMBER
System control number (OCoLC)38083110
040 ## - CATALOGING SOURCE
Original cataloging agency DNLM
Transcribing agency DNLM
041 0# - LANGUAGE CODE
Language code of text/sound track or separate title eng
082 ## - DEWEY DECIMAL CLASSIFICATION NUMBER
Classification number WY 18
Item number H347a 1998
245 00 - TITLE STATEMENT
Title American nursing review for medical-surgical nursing certification /
Statement of responsibility, etc. [edited by] Phyllis F. Healy, Leona A. Mourad.
246 30 - VARYING FORM OF TITLE
Title proper/short title Medical-surgical nursing certification
246 3# - VARYING FORM OF TITLE
Title proper/short title Medical surgical nursing certification
250 ## - EDITION STATEMENT
Edition statement 2nd ed.
260 ## - PUBLICATION, DISTRIBUTION, ETC. (IMPRINT)
Place of publication, distribution, etc. Springhouse, Pa. :
Name of publisher, distributor, etc. Springhouse Corp.,
Date of publication, distribution, etc. 1998.
300 ## - PHYSICAL DESCRIPTION
Extent vii, 358 p.
336 ## - CONTENT TYPE
Content type term text
Content type code txt
Source rdacontent
337 ## - MEDIA TYPE
Media type term unmediated
Media type code n
Source rdamedia
338 ## - CARRIER TYPE
Carrier type term volume
Carrier type code nc
Source rdacarrier
504 ## - BIBLIOGRAPHY, ETC. NOTE
Bibliography, etc Includes bibliographical references (p. [351] and index.
650 12 - SUBJECT ADDED ENTRY--TOPICAL TERM
Topical term or geographic name as entry element Nursing
Authority record control number https://id.nlm.nih.gov/mesh/D009729
9 (RLIN) 135
650 22 - SUBJECT ADDED ENTRY--TOPICAL TERM
Topical term or geographic name as entry element Perioperative Nursing
Authority record control number https://id.nlm.nih.gov/mesh/D013527
9 (RLIN) 11739
655 #2 - INDEX TERM--GENRE/FORM
Genre/form data or focus term Outline
Authority record control number https://id.nlm.nih.gov/mesh/D020489
9 (RLIN) 13934
700 1# - ADDED ENTRY--PERSONAL NAME
Personal name Healy, Phyllis F.
9 (RLIN) 13935
700 1# - ADDED ENTRY--PERSONAL NAME
Personal name Mourad, Leona A.
9 (RLIN) 13936
942 ## - ADDED ENTRY ELEMENTS (KOHA)
Source of classification or shelving scheme Other/Generic Classification Scheme
Koha item type Open Shelf
Holdings
Withdrawn status Lost status Source of classification or shelving scheme Damaged status Not for loan Home library Current library Date acquired Source of acquisition Inventory number Total Checkouts Full call number Barcode Date last seen Date last checked out Price effective from Koha item type
    Other/Generic Classification Scheme     MUST Main Library MUST Main Library 10/03/2021 Donation 2002/17717 1 WY 18 H347a 1998 2021-0252 25/03/2021 10/03/2021 10/03/2021 Open Shelf